[Event "Titled Tuesday intern op 28th Dec"]
[Site "Chess.com INT"]
[Date "2021.12.28"]
[Round "2"]
[White "Hollan, Petr"]
[Black "Sethuraman, Sandeep"]
[Result "1-0"]
[WhiteElo "2285"]
[BlackElo "2613"]
[PlyCount "137"]
[EventDate "2021.12.28"]
[EventType "swiss (blitz)"]
[EventRounds "11"]
[EventCountry "USA"]
[SourceTitle "CBM 206 Extra"]
[Source "ChessBase"]
[SourceDate "2022.03.31"]
[SourceVersion "1"]
[SourceVersionDate "2022.03.31"]
[SourceQuality "1"]

1. e4 e5 2. Nf3 Nc6 3. Bb5 a6 4. Ba4 d6 5. h3 Bd7 6. c3 Nf6 7. Qe2 g6 8. d3 Bg7 9. Nbd2 0-0 10. Bc2 Re8 11. Nf1 d5 12. g4 Be6 13. Ng3 d4 14. Bg5 Qd6 15. Rg1 Nd7 16. Nf5 Bxf5 17. gxf5 Nc5 18. Bd2 Rad8 19. c4 a5 20. a3 a4 21. Nh4 Rb8 22. Bb4 b5 23. cxb5 Rxb5 24. Bxa4 Rxb4 25. axb4 Nxa4 26. Rxa4 Nxb4 27. Qd2 c5 28. Ke2 Rb8 29. Rga1 Bf8 30. Ra8 c4 31. dxc4 d3+ 32. Kf3 Nc2 33. R1a6 Qd8 34. Rxb8 Qxb8 35. Qxd3 Nb4 36. Qa3 Nxa6 37. Qxa6 Qd8 38. Ng2 gxf5 39. exf5 Qd4 40. Ne3 Qf4+ 41. Ke2 Qd4 42. Qb7 e4 43. Qd5 Qxb2+ 44. Kf1 Qb1+ 45. Kg2 Be7 46. c5 Qc1 47. c6 Bg5 48. Qxe4 Kg7 49. f6+ Bxf6 50. Nf5+ Kg6 51. Ng3+ Kg7 52. Nf5+ Kg6 53. Nd6+ Kh6 54. Nf5+ Kg5 55. Ng3 Qf4 56. Qxf4+ Kxf4 57. Nh5+ Ke5 58. Nxf6 Kd6 59. c7 Kxc7 60. Nxh7 Kd6 61. Ng5 f5 62. Nf3 Ke6 63. Ng1 f4 64. Ne2 Kf5 65. Nxf4 Kxf4 66. f3 Kf5 67. Kg3 Kg5 68. f4+ Kh5 69. h4 1-0

[Event "Titled Tuesday intern op 28th Dec"]
[Site "Chess.com INT"]
[Date "2021.12.28"]
[Round "4"]
[White "Kleiman, Jake"]
[Black "Hollan, Petr"]
[Result "1-0"]
[WhiteElo "2399"]
[BlackElo "2285"]
[PlyCount "119"]
[EventDate "2021.12.28"]
[EventType "swiss (blitz)"]
[EventRounds "11"]
[EventCountry "USA"]
[SourceTitle "CBM 206 Extra"]
[Source "ChessBase"]
[SourceDate "2022.03.31"]
[SourceVersion "1"]
[SourceVersionDate "2022.03.31"]
[SourceQuality "1"]

1. e4 c5 2. c3 Nf6 3. e5 Nd5 4. Bc4 Nb6 5. Bb3 c4 6. Bc2 d5 7. exd6 exd6 8. Nf3 Be7 9. 0-0 0-0 10. d4 cxd3 11. Qxd3 g6 12. Bh6 Re8 13. Bb3 Nc6 14. Nbd2 Bf5 15. Qe3 Bf8 16. Qf4 Ne5 17. Bxf8 Rxf8 18. Nd4 Bd7 19. Ne4 Qe7 20. Rfe1 Kg7 21. Nxd6 Qxd6 22. Qxe5+ Qxe5 23. Rxe5 Rfe8 24. Rae1 Rxe5 25. Rxe5 Re8 26. Rxe8 Bxe8 27. f4 Bd7 28. Kf2 Kf8 29. Ke3 Ke7 30. g3 Nc8 31. Bd5 Nd6 32. c4 b6 33. b4 Be6 34. Bxe6 fxe6 35. Kd3 Kd7 36. c5 bxc5 37. bxc5 Nf7 38. Nf3 Nd8 39. Kc4 Kc6 40. Ng5 h5 41. Nf3 Nb7 42. Ne5+ Kc7 43. Nxg6 Na5+ 44. Kb5 Nc6 45. Ne5 Nd4+ 46. Kc4 Nf5 47. Nf3 Ne3+ 48. Kd4 Ng4 49. h3 Nf2 50. Ke3 Nxh3 51. Nd4 Kd7 52. Kf3 Ng1+ 53. Kf2 e5 54. fxe5 Nh3+ 55. Kf3 Ng5+ 56. Kf4 Nh3+ 57. Kf5 Nf2 58. e6+ Ke7 59. c6 Kd6 60. Kf6 1-0

[Event "Titled Tuesday intern op 28th Dec"]
[Site "Chess.com INT"]
[Date "2021.12.28"]
[Round "10"]
[White "Potapova, Margarita"]
[Black "Hollan, Petr"]
[Result "0-1"]
[WhiteElo "2257"]
[BlackElo "2285"]
[PlyCount "64"]
[EventDate "2021.12.28"]
[EventType "swiss (blitz)"]
[EventRounds "11"]
[EventCountry "USA"]
[SourceTitle "CBM 206 Extra"]
[Source "ChessBase"]
[SourceDate "2022.03.31"]
[SourceVersion "1"]
[SourceVersionDate "2022.03.31"]
[SourceQuality "1"]

1. e4 c5 2. Nf3 Nc6 3. Bb5 e6 4. 0-0 Nge7 5. Re1 Nd4 6. Bf1 Nec6 7. c3 Nxf3+ 8. Qxf3 Be7 9. d3 0-0 10. Qg3 Bh4 11. Qf3 d6 12. Na3 e5 13. Nc4 f5 14. exf5 Bxf5 15. Qd1 Bxf2+ 16. Kh1 Bxe1 17. Qxe1 Be6 18. Be2 d5 19. Ne3 d4 20. Nc4 Bxc4 21. dxc4 e4 22. Bg4 Qh4 23. Be6+ Kh8 24. g3 Qf6 25. Bd5 Qf1+ 26. Qxf1 Rxf1+ 27. Kg2 Raf8 28. Bxe4 Ne5 29. cxd4 cxd4 30. b3 d3 31. Bb2 R1f2+ 32. Kh3 Rxb2 0-1

[Event "Prague Menchik Memorial Rapid"]
[Site "Prague"]
[Date "2021.09.28"]
[Round "1"]
[White "Hollan, Petr"]
[Black "Barabas, Ales"]
[Result "1-0"]
[WhiteElo "2293"]
[BlackElo "1745"]
[PlyCount "45"]
[EventDate "2021.09.28"]
[EventType "swiss (rapid)"]
[EventRounds "9"]
[EventCountry "CZE"]
[SourceTitle "CBM 204 Extra"]
[Source "ChessBase"]
[SourceDate "2021.11.30"]
[SourceVersion "1"]
[SourceVersionDate "2021.11.30"]
[SourceQuality "1"]

1. e4 c5 2. Nf3 d6 3. d4 cxd4 4. Nxd4 Nf6 5. Nc3 a6 6. Rg1 e6 7. g4 Qc7 8. g5 Nfd7 9. Be3 Nc6 10. Qd2 Be7 11. 0-0-0 Nde5 12. Be2 b5 13. f4 Nc4 14. Bxc4 bxc4 15. f5 Nxd4 16. Bxd4 exf5 17. Nd5 Qd8 18. Bxg7 Rg8 19. Bf6 Ra7 20. Bxe7 Rxe7 21. Nf6+ Kf8 22. Qxd6 Qxd6 23. Rxd6 1-0

[Event "Prague Menchik Memorial Rapid"]
[Site "Prague"]
[Date "2021.09.28"]
[Round "7"]
[White "Hollan, Petr"]
[Black "Kulhanek, Tomas"]
[Result "1/2-1/2"]
[WhiteElo "2293"]
[BlackElo "2316"]
[PlyCount "93"]
[EventDate "2021.09.28"]
[EventType "swiss (rapid)"]
[EventRounds "9"]
[EventCountry "CZE"]
[SourceTitle "CBM 204 Extra"]
[Source "ChessBase"]
[SourceDate "2021.11.30"]
[SourceVersion "1"]
[SourceVersionDate "2021.11.30"]
[SourceQuality "1"]

1. e4 e6 2. d3 d5 3. Nd2 Nf6 4. Qe2 Be7 5. g3 c5 6. Bg2 Nc6 7. Ngf3 b6 8. 0-0 Bb7 9. e5 Nd7 10. c4 Qc7 11. cxd5 exd5 12. e6 fxe6 13. Qxe6 Nd8 14. Qe2 Nf6 15. Re1 Nc6 16. Ng5 Nd4 17. Qd1 h6 18. Ngf3 Nc6 19. Nh4 0-0-0 20. Ng6 Rhe8 21. Nxe7+ Rxe7 22. Rxe7 Qxe7 23. Nf3 g5 24. Bd2 Re8 25. Qc2 Kb8 26. Bc3 d4 27. Bd2 Qh7 28. b4 g4 29. Nh4 Nxb4 30. Bxb4 cxb4 31. Qc4 Qd7 32. Qxb4 h5 33. a4 Qe7 34. Qd2 Qe2 35. Qf4+ Qe5 36. Qd2 Nd5 37. a5 Nc3 38. axb6 axb6 39. Bxb7 Kxb7 40. Ng2 Ne2+ 41. Kf1 Qd5 42. Re1 h4 43. Rxe2 h3 44. Rxe8 Qxg2+ 45. Ke2 Qf3+ 46. Ke1 Qh1+ 47. Ke2 1/2-1/2

[Event "Prague Menchik Memorial Rapid"]
[Site "Prague"]
[Date "2021.09.28"]
[Round "3"]
[White "Hollan, Petr"]
[Black "Spirek, Adam"]
[Result "1-0"]
[WhiteElo "2293"]
[BlackElo "2014"]
[PlyCount "111"]
[EventDate "2021.09.28"]
[EventType "swiss (rapid)"]
[EventRounds "9"]
[EventCountry "CZE"]
[SourceTitle "CBM 204 Extra"]
[Source "ChessBase"]
[SourceDate "2021.11.30"]
[SourceVersion "1"]
[SourceVersionDate "2021.11.30"]
[SourceQuality "1"]

1. e4 d5 2. exd5 Nf6 3. Bb5+ Bd7 4. Be2 Nxd5 5. d4 Bf5 6. Nf3 e6 7. 0-0 Be7 8. a3 0-0 9. c4 Nb6 10. Nc3 Nc6 11. Be3 Bf6 12. h3 Na5 13. b3 c5 14. Rc1 cxd4 15. Bxd4 Nc6 16. Bc5 Qxd1 17. Rfxd1 Rfd8 18. Nb5 Bb2 19. Rxd8+ Rxd8 20. Rd1 Rxd1+ 21. Bxd1 Nd7 22. Be3 a6 23. Nd6 Bxa3 24. Nxb7 Kf8 25. c5 Ke7 26. Be2 Bc2 27. Nd2 Bc1 28. Bxa6 Bxd2 29. Bxd2 Bxb3 30. Be3 Nb4 31. Bb5 Bd5 32. Nd6 Bc6 33. Be2 Nd5 34. Nc8+ Kd8 35. Na7 Kc7 36. Bd4 e5 37. Bb2 f6 38. Ba3 Nc3 39. Bd3 Kb7 40. Nxc6 Kxc6 41. Bxh7 Nxc5 42. Kh2 Ne6 43. h4 Kd5 44. Bg8 Nb5 45. Bf8 g6 46. Bf7 Nbd4 47. Ba3 Ke4 48. Bxg6+ Kf4 49. Bc1+ Kg4 50. f3+ Nxf3+ 51. gxf3+ Kxf3 52. h5 Nf8 53. Bf5 e4 54. Ba3 Kf4 55. Bxe4 Ne6 56. Bc1+ 1-0

[Event "Prague Menchik Memorial Rapid"]
[Site "Prague"]
[Date "2021.09.28"]
[Round "9"]
[White "Hollan, Petr"]
[Black "Vojta, Jakub"]
[Result "1-0"]
[WhiteElo "2293"]
[BlackElo "2123"]
[PlyCount "65"]
[EventDate "2021.09.28"]
[EventType "swiss (rapid)"]
[EventRounds "9"]
[EventCountry "CZE"]
[SourceTitle "CBM 204 Extra"]
[Source "ChessBase"]
[SourceDate "2021.11.30"]
[SourceVersion "1"]
[SourceVersionDate "2021.11.30"]
[SourceQuality "1"]

1. e4 c5 2. Nf3 Nc6 3. Bb5 g6 4. 0-0 Bg7 5. Re1 Nf6 6. e5 Nd5 7. Nc3 Nc7 8. Bxc6 dxc6 9. Ne4 Ne6 10. d3 0-0 11. Be3 b6 12. Qd2 Nd4 13. Nxd4 cxd4 14. Bh6 c5 15. Qf4 f5 16. exf6 Bxh6 17. Qxh6 exf6 18. h4 Rf7 19. Re2 Bb7 20. Rae1 Qf8 21. Qf4 Rd8 22. b3 Bd5 23. h5 Kh8 24. Nd6 Rxd6 25. Re8 Rdd7 26. hxg6 hxg6 27. Qh6+ Kg8 28. Qxg6+ Kh8 29. Qh5+ Kg8 30. Rxf8+ Rxf8 31. Qf5 Rd6 32. Re7 Rf7 33. Re8+ 1-0